000 02715cam a22003494a 4500
020 _a082137365X
020 _a9780821373668
040 _cDDC
082 _a338 THE 2008 A074 Or.
110 2 _aWorld Bank.
245 1 0 _aGlobal Economic Prospects 2008
_bTechnology Diffusion in the Developing World.
260 _aWashington, D.C. :
_bThe World Bank,
_c2008.
300 _a1 online resource (201 p.)
490 1 _aGlobal Economic Prospects
520 3 _aGlobal Economic Prospects 2008: Technology Diffusion in the Developing World examines the state of technology in developing countries and the pace with which it has advanced since the early 1990s. It reveals both encouraging and cautionary trends. On the one hand, the pace of technological progress in developing countries has been much faster than in high-income countries-reflecting increased exposure to foreign technology as a result of linkages with high-skilled diasporas and the opening of these countries to international trade and foreign direct investment.On the other hand, the technology gap remains large, and the domestic factors that determine how quickly technologies spread within developing countries often stymie progress, especially among low-income countries. This year's Global Economic Prospects comes on the heels of an extended period of strong growth and a 15 year period of strong performance in much of the developing world, which has contributed to substantial declines in global poverty. While high oil prices and heightened market volatility may signal a coming pause in this process, over the longer term continued technological progress should continue to push back poverty. Rapid technological progress in developing countries has been central to the reduction of poverty in recent decades. While the integration of global markets has played and will continue to play a key role in this, future success will increasingly depend on strengthening technical competencies and the business environment for innovative firms in developing countries.
650 4 _aCurrencies and Exchange Rates.
650 4 _aDebt Markets.
650 4 _aEconomic Conditions and Volatility.
650 4 _aEconomic Theory and Research.
650 4 _aEmerging Markets.
650 4 _aFinance and Financial Sector Development.
650 4 _aFinancial Literacy.
650 4 _aICT Policy and Strategies.
650 4 _aIndustry.
650 4 _aInformation and Communication Technologies.
650 4 _aMacroeconomics and Economic Growth.
650 4 _aPrivate Sector Development.
650 4 _aTechnology Industry.
710 2 _aWorld Bank.
856 4 0 _uhttp://elibrary.worldbank.org/content/book/9780821373651
942 _cEK
999 _c15094
_d15094